000
00305nam a2200097Ia 4500
008
180205s9999 xx 000 0 und d
100
_a
David, Fely P.
245
_a
Undestanding and doing research:
_b
a hand book for beginners
260
_a
Ilo-Ilo City
_b
Panorama printing INC
_c
2002
300
_a
ii, 197 pages
999
_c
354827
_d
354827